000 00952nam2a2200205 4500
001 RU\NLR\PER_A\003154677_002570
005 20250627141025.0
035 _a(NLR Aleph) 022478119
090 _a13373719
_c13373719
100 _a20250304d2024 |||y0rusy50 ca
101 0 _arus
102 _aRU
200 0 _aТ. 59, № 5
210 _d2024
_aБ. м.
461 0 _1001RU\NLR\INFOCOMM10\1000322214
_12001#$aСельскохозяйственная биология$eНауч.-теорет. журн.$fВсесоюз. ордена Ленина акад. с.-х. наук им. В.И. Ленина$vТ. 59, № 5
_93038783
_cМ.
_d1966 -
_fВсесоюз. ордена Ленина акад. с.-х. наук им. В.И. Ленина
_nКолос
_oНауч.-теорет. журн.
_tСельскохозяйственная биология
_x0131-6397
_vТ. 59, № 5
852 _aNLR
_jП14/783
942 _cISSUE
980 _aRUSPER
980 _aNB